Sucesiones / (Registro nro. 20234)

Detalles MARC
000 -LEADER
fixed length control field 01310nam a2200349 4500
001 - CONTROL NUMBER
control field 0000020837
003 - CONTROL NUMBER IDENTIFIER
control field CO-CtgCURN
005 - DATE AND TIME OF LATEST TRANSACTION
control field 20250515160200.0
007 - PHYSICAL DESCRIPTION FIXED FIELD--GENERAL INFORMATION
fixed length control field ta
008 - FIXED-LENGTH DATA ELEMENTS--GENERAL INFORMATION
fixed length control field 160627s2003 000 0 eng d
020 ## - INTERNATIONAL STANDARD BOOK NUMBER
International Standard Book Number 9583504343
040 ## - CATALOGING SOURCE
Original cataloging agency CO-CtgCURN
Language of cataloging spa
Transcribing agency coctgcurn
082 0# - DEWEY DECIMAL CLASSIFICATION NUMBER
Classification number 346.052
Item number R15s
100 1# - MAIN ENTRY--PERSONAL NAME
Personal name Ramírez Fuertes, Roberto.
245 10 - TITLE STATEMENT
Title Sucesiones /
Statement of responsibility, etc. Roberto Ramírez Fuertes.
250 ## - EDITION STATEMENT
Edition statement 6a ed.
260 ## - PUBLICATION, DISTRIBUTION, ETC.
Place of publication, distribution, etc. Bogotá :
Name of publisher, distributor, etc. Temis,
Date of publication, distribution, etc. 2003.
300 ## - PHYSICAL DESCRIPTION
Extent xxiv, 302 p.
336 ## - CONTENT TYPE
Source rdacontent
337 ## - MEDIA TYPE
Source rdamedia
Media type term sin mediacion
Media type code n
338 ## - CARRIER TYPE
Source rdacarrier
Carrier type term volumen
Carrier type code nc
504 ## - BIBLIOGRAPHY, ETC. NOTE
Bibliography, etc. note Bibliografia (p. 281)
505 8# - FORMATTED CONTENTS NOTE
Formatted contents note Organizacion del derecho de suceder.--Reglas generales sobre sucesion intestada.--Sucesion testada.--Restricciones a la libertad de testar y revocacion del testamento.--Administracion y liquidacion de la herencia
650 14 - SUBJECT ADDED ENTRY--TOPICAL TERM
Topical term or geographic name entry element Ley 29 de 1952.
908 ## - PUT COMMAND PARAMETER (RLIN)
Put command parameter 160627
942 ## - ADDED ENTRY ELEMENTS (KOHA)
Koha item type Libros
Classification part 346.052
Item part R15s
Source of classification or shelving scheme Dewey Decimal Classification
Suppress in OPAC No
Existencias
Withdrawn status Lost status Source of classification or shelving scheme Damaged status Not for loan Collection Home library Current library Shelving location Date acquired Inventory number Total checkouts Full call number Barcode Date last seen Copy number Price effective from Koha item type Public note
    Dewey Decimal Classification     General Miguel Henríquez Castañeda Miguel Henríquez Castañeda General 03/31/2025 005240   346.052 R15s 005240 03/31/2025 ej.1 03/31/2025 Libros 340-DEREC
    Dewey Decimal Classification     General Miguel Henríquez Castañeda Miguel Henríquez Castañeda General 03/31/2025 005241   346.052 R15s 005241 03/31/2025 ej.2 03/31/2025 Libros 340-DEREC
    Dewey Decimal Classification     General Miguel Henríquez Castañeda Miguel Henríquez Castañeda General 03/31/2025 005242   346.052 R15s 005242 03/31/2025 ej.3 03/31/2025 Libros 340-DEREC
    Dewey Decimal Classification     General Miguel Henríquez Castañeda Miguel Henríquez Castañeda General 03/31/2025 005243   346.052 R15s 005243 03/31/2025 ej.4 03/31/2025 Libros 340-DEREC
    Dewey Decimal Classification     General Miguel Henríquez Castañeda Miguel Henríquez Castañeda General 03/31/2025 005244   346.052 R15s 005244 03/31/2025 ej.5 03/31/2025 Libros 340-DEREC